[Event "Senta January op"]
[Site "Senta"]
[Date "2010.01.29"]
[Round "5"]
[White "Kecskemeti, Arpad"]
[Black "Savin, Ilija"]
[Result "0-1"]
[WhiteElo "1820"]
[BlackElo "2077"]
[PlyCount "102"]
[EventDate "2010.01.22"]
[EventType "swiss"]
[EventRounds "9"]
[EventCountry "YUG"]
[SourceTitle "EXT 2011"]
[Source "ChessBase"]
[SourceDate "2010.11.26"]
[SourceVersion "1"]
[SourceVersionDate "2010.11.26"]
[SourceQuality "1"]

1. e4 e6 2. Nf3 d5 3. exd5 exd5 4. d4 Nf6 5. Bd3 c5 6. c3 Be7 7. 0-0 0-0 8. Bf4 Bg4 9. Nbd2 Nc6 10. Be2 Qb6 11. b3 Ne4 12. Nxe4 dxe4 13. Ne5 Bxe2 14. Qxe2 Nxe5 15. dxe5 f5 16. exf6 Bxf6 17. Qxe4 Bxc3 18. Qc4+ Kh8 19. Qxc3 Rxf4 20. Rac1 Rf5 21. Qe3 h6 22. Rc2 Qd6 23. Qe4 Rd5 24. Re1 Rd8 25. Rce2 b5 26. g3 Rd1 27. Qc2 Rxe1+ 28. Rxe1 Qd5 29. Rc1 Rc8 30. Qc3 Re8 31. Qa5 a6 32. Qxa6 c4 33. bxc4 bxc4 34. Qxc4 Re1+ 35. Rxe1 Qxc4 36. Ra1 Qc3 37. Rf1 Qa3 38. Kg2 Qxa2 39. h3 Kh7 40. Re1 Qd5+ 41. Kg1 Kg6 42. Re3 Kf5 43. Kh2 g5 44. Kg1 h5 45. Kh2 Qd2 46. Rf3+ Ke4 47. Rf8 Qd6 48. Re8+ Kf3 49. Rg8 g4 50. Rg5 Qe6 51. Rxh5 Kxf2 0-1

[Event "Senta January op"]
[Site "Senta"]
[Date "2010.01.24"]
[Round "3"]
[White "Farkas, Tibor"]
[Black "Savin, Ilija"]
[Result "1-0"]
[WhiteElo "2271"]
[BlackElo "2077"]
[PlyCount "83"]
[EventDate "2010.01.22"]
[EventType "swiss"]
[EventRounds "9"]
[EventCountry "YUG"]
[SourceTitle "EXT 2011"]
[Source "ChessBase"]
[SourceDate "2010.11.26"]
[SourceVersion "1"]
[SourceVersionDate "2010.11.26"]
[SourceQuality "1"]

1. c4 e5 2. Nc3 Nc6 3. g3 g6 4. Bg2 Bg7 5. d3 Nge7 6. Rb1 a5 7. a3 d6 8. b4 axb4 9. axb4 Nd4 10. e3 Ne6 11. Nge2 c6 12. Qb3 0-0 13. 0-0 Nc7 14. d4 exd4 15. Nxd4 Nf5 16. Nde2 Ne6 17. Rd1 Qc7 18. Bb2 h5 19. Ne4 Qe7 20. Rd2 Rd8 21. Rbd1 Ng5 22. Nxg5 Qxg5 23. e4 Bxb2 24. Qxb2 Ng7 25. c5 Be6 26. cxd6 Ra2 27. Qc3 Rda8 28. h4 Rxd2 29. Rxd2 Qd8 30. Qc5 Bd7 31. Nd4 Qe8 32. Kh2 Ne6 33. Nxe6 Qxe6 34. Qb6 f5 35. Qxb7 Ra1 36. e5 f4 37. Qb8+ Kh7 38. Qd8 f3 39. Qe7+ Qxe7 40. dxe7 fxg2 41. Kxg2 Ra7 42. Rxd7 1-0

[Event "Vojvodina Cup"]
[Site "Sombor"]
[Date "2008.05.01"]
[Round "1.1"]
[White "Savin, Ilija"]
[Black "Somborski, Nebojsa"]
[Result "0-1"]
[WhiteElo "2064"]
[BlackElo "2351"]
[PlyCount "63"]
[EventDate "2008.05.01"]
[EventType "team-tourn"]
[EventRounds "5"]
[EventCountry "YUG"]
[SourceTitle "EXT 2011"]
[Source "ChessBase"]
[SourceDate "2010.11.26"]
[SourceVersion "1"]
[SourceVersionDate "2010.11.26"]
[SourceQuality "1"]

1. e4 e5 2. Nf3 Nf6 3. Nxe5 d6 4. Nf3 Nxe4 5. d4 d5 6. Bd3 Bd6 7. 0-0 0-0 8. Re1 Bf5 9. c4 c6 10. Qc2 Na6 11. a3 Bg6 12. b3 Re8 13. Bb2 Rc8 14. Ne5 Bxe5 15. dxe5 Nac5 16. Bxe4 Bxe4 17. Qc3 Qg5 18. f3 Bf5 19. Bc1 Qg6 20. Bd2 d4 21. Qxd4 Nxb3 22. Qb2 Nxa1 23. Qxa1 Rcd8 24. Bf4 Bxb1 25. Rxb1 Qc2 26. Rc1 Qd3 27. Qb2 Qd4+ 28. Qxd4 Rxd4 29. Be3 Rd3 30. Bxa7 Rxe5 31. Rb1 Re2 32. Kf1 0-1

[Event "Senta January op"]
[Site "Senta"]
[Date "2007.02.04"]
[Round "7"]
[White "Vucurovic, Nebojsa"]
[Black "Savin, Ilija"]
[Result "1/2-1/2"]
[WhiteElo "2001"]
[BlackElo "2056"]
[PlyCount "29"]
[EventDate "2007.01.19"]
[EventType "swiss"]
[EventRounds "9"]
[EventCountry "SRB"]
[SourceTitle "EXT 2022"]
[Source "ChessBase"]
[SourceDate "2021.10.06"]
[SourceVersion "1"]
[SourceVersionDate "2021.10.06"]
[SourceQuality "1"]

1. e4 e5 2. Nf3 Nc6 3. Bb5 a6 4. Bxc6 dxc6 5. h3 Bd6 6. 0-0 Nf6 7. d3 h6 8. Nc3 0-0 9. Be3 Re8 10. Re1 b5 11. a3 Bd7 12. Ne2 Rb8 13. Ng3 Qc8 14. Qd2 Kh7 15. c3 1/2-1/2

[Event "Senta January op"]
[Site "Senta"]
[Date "2007.01.27"]
[Round "4"]
[White "Savin, Ilija"]
[Black "Novak, Tamas"]
[Result "1-0"]
[WhiteElo "2056"]
[BlackElo "1865"]
[PlyCount "27"]
[EventDate "2007.01.19"]
[EventType "swiss"]
[EventRounds "9"]
[EventCountry "SRB"]
[SourceTitle "EXT 2022"]
[Source "ChessBase"]
[SourceDate "2021.10.06"]
[SourceVersion "1"]
[SourceVersionDate "2021.10.06"]
[SourceQuality "1"]

1. e4 e5 2. Nf3 Nc6 3. Bb5 a6 4. Ba4 Bc5 5. 0-0 b5 6. Bb3 d6 7. c3 Qf6 8. d4 exd4 9. Bg5 Qg6 10. Bd5 Bd7 11. cxd4 Bb6 12. Qc1 Nge7 13. Bxe7 Kxe7 14. Bxc6 1-0